Análisis técnico-económico preliminar de una planta para la producción de jarabe de glucosa y fructuosa, vía enzimática, a partir de sagú

में बचाया:
ग्रंथसूची विवरण
मुख्य लेखक: Rodríguez Bogantes, Ivannia
स्वरूप: पुस्तक
प्रकाशित: San José, Costa Rica 2008
टैग: टैग जोड़ें
कोई टैग नहीं, इस रिकॉर्ड को टैग करने वाले पहले व्यक्ति बनें!

MARC

LEADER 00000nam a2200000Ia 4500
003 010328
005 20221231144102.0
008 140114s2008 cr a 000 ||s d
040 |c cru CEDI 
090 |a TFG 5592 
100 |a Rodríguez Bogantes, Ivannia   |9 4490 
245 |a Análisis técnico-económico preliminar de una planta para la producción de jarabe de glucosa y fructuosa, vía enzimática, a partir de sagú  
260 |c 2008  |b San José, Costa Rica 
300 |a xii, 103 hojas; ilustraciones a color 
500 |a Proyecto de graduación (licenciatura en ingeniería química)--Universidad de Costa Rica. Facultad de Ingeniería. Escuela de Ingeniería Química 
942 |c TFG 
999 |c 16669  |d 16669